"Wśród nocnej ciszy" - tekst - Statystyki

Ogólne statystyki
  • Ten quiz został rozwiązany 47 razy
  • Średni wynik to 64 z 89
Statystyki odpowiedzi
Tekst % Poprawnych
w
100%
ciszy
98%
nocnej
98%
się
98%
się
98%
się
98%
się
98%
Wśród
98%
Bóg
95%
Do
95%
głos
95%
głos
95%
rozchodzi:
95%
Betlejem
93%
Czem
93%
Pana.
93%
Pana,
93%
pasterze
93%
Przywitać
93%
rodzi.
93%
wam
93%
wybierajcie,
93%
Wstańcie
90%
prędzej
88%
Z
88%
Z
88%
z
88%
Dzieciątko
86%
pospieszajcie
86%
Poszli,
86%
znaleźli
86%
żłobie
83%
A
81%
a
81%
A
81%
Na
79%
na
79%
na
79%
na
79%
sobie.
79%
wszystkimi
79%
danymi
71%
mu
71%
witaj,
71%
znaki
71%
Bogu
69%
cześć
69%
dali,
69%
Jako
69%
I
67%
i
67%
Tyś
67%
wielkiej
67%
witając
67%
Zbawco,
67%
Ach
64%
Nam
64%
radości:
64%
dawna
62%
zawołali
62%
Ciebie
60%
Ciebie,
60%
Czekali,
60%
króle,
60%
lat
60%
nocy
60%
objawił.
60%
prorocy
60%
tej
60%
żądany,
55%
Cztery
52%
wyglądany.
52%
tysiące
50%
jest
48%
kapłana,
48%
przed
48%
żeś
48%
Chleba
45%
my
45%
pod
45%
Tobą,
45%
Wierząc,
45%
wina.
45%
czekamy
43%
osłoną
43%
Padniemy
43%
przyjdziesz
43%
twarz
43%
skoro
40%
Nie znaleziono quizów pasujących do podanych kryteriów
Rozkład punktacji
Procent ludzi z każdym wynikiem
Percentyl według liczby udzielonych odpowiedzi
Twoja historia wyników
Nie rozwiązałeś tego quizu